Concrete Construction Handbook / (Record no. 12802)

MARC details
000 -LEADER
fixed length control field 00472nam a2200157 a 4500
020 ## - INTERNATIONAL STANDARD BOOK NUMBER
ISBN 0070676542 (hardcover)
020 ## - INTERNATIONAL STANDARD BOOK NUMBER
ISBN 9780070676541 (hardcover)
100 1# - MAIN ENTRY--AUTHOR NAME
Personal name Waddell, Joseph J.
245 10 - TITLE STATEMENT
Title Concrete Construction Handbook /
250 ## - EDITION STATEMENT
Edition statement 2nd ed.
260 ## - PUBLICATION, DISTRIBUTION, ETC. (IMPRINT)
Place of publication [S.l.] :
Name of publisher McGraw Hill Higher Education,
Year of publication 1974.
300 ## - PHYSICAL DESCRIPTION
Number of Pages 960 p. ;
650 ## - SUBJECT ADDED ENTRY--TOPICAL TERM
Topical Term Concrete Construction
856 40 - ELECTRONIC LOCATION AND ACCESS
Uniform Resource Identifier http://www.amazon.com/exec/obidos/ASIN/0070676542/chopaconline-20
942 ## - ADDED ENTRY ELEMENTS (KOHA)
Koha item type Books
Holdings
Withdrawn status Lost status Home library Current library Date acquired Cost, normal purchase price Full call number Accession Number Koha item type
    Central Library, QUEST, Nawabshah Central Library, QUEST Campus, Larkano 01/04/2015 1292.00 624.1834WAD 8476 Books